Veinte años de lucha contra el fascismo y el comunismo
Gardado en:
| Autor Principal: | |
|---|---|
| Formato: | Libro |
| Idioma: | Lingua castelá |
| Publicado: |
Madrid
Inter-Americana
1944
|
| Subjects: | |
| Tags: |
Engadir etiqueta
Sen Etiquetas, Sexa o primeiro en etiquetar este rexistro!
|
MARC
| LEADER | 00000nam a2200000 a 4500 | ||
|---|---|---|---|
| 001 | UCT5979 | ||
| 003 | CL-VaPUC | ||
| 008 | 961223e19440000sp |||||||||||||||||spa|d | ||
| 082 | 0 | 4 | |a 320.53 |b CRO |2 21 |
| 100 | 0 | |a Croce, Benedetto |e author |9 324684 | |
| 245 | 1 | 0 | |a Veinte años de lucha contra el fascismo y el comunismo |
| 300 | |a 266 p | ||
| 942 | |c BK | ||
| 945 | |d 19961223 00:00:00 |a paguirre | ||
| 260 | |a Madrid |b Inter-Americana |c 1944 | ||
| 600 | 0 | |a Mussolini, Benito, |d 1883-1945 |9 315529 | |
| 650 | 0 | |a Ideologías |9 255200 | |
| 650 | 0 | |a Comunismo |9 255588 | |
| 650 | 0 | |a Ciencias Políticas |9 255201 | |
| 650 | 7 | |a FILOSOFIA POLITICA |2 CL-VaPUC |9 375659 | |
| 650 | 0 | |a Fascismo |9 255687 | |
| 650 | 7 | |a SISTEMAS POLITICOS |2 CL-VaPUC |9 375660 | |
| 583 | |a last modification |c 20171114 05:02:59 |k Rodrigo Vera | ||
| 999 | |c 254745 |d 254743 | ||
| 952 | |0 0 |1 0 |4 0 |6 320_530000000000000_CRO_1944 |7 0 |8 A |9 276616 |a BIBDER |b BIBDER |d 2019-11-19 |i 1799657 |o 320.53 CRO 1944 |p 1799657 |r 2023-01-25 |w 2019-11-19 |y BK |k DER | ||